ბათუმის შოთა რუსთაველის სახელმწიფო უნივერსიტეტის ბიბლიოთეკა

იისფერი იუზა (ბიბ.ჩანაწერი № 43230)

000 -LEADER
fixed length control field 00698nam a2200253Ia 4500
001 - CONTROL NUMBER
control field 9957
003 - CONTROL NUMBER IDENTIFIER
control field GE_BSU
008 - FIXED-LENGTH DATA ELEMENTS--GENERAL INFORMATION
fixed length control field 181216s||||||||xx |||||||||||||| ||und||
040 ## - CATALOGING SOURCE
Transcribing agency GE_BSU
080 ## - UNIVERSAL DECIMAL CLASSIFICATION NUMBER
Universal Decimal Classification number 821.353.1-1
100 ## - MAIN ENTRY--PERSONAL NAME
Personal name ნიკოლაიშვილი,თამაზ
245 ## - TITLE STATEMENT
Title იისფერი იუზა
245 ## - TITLE STATEMENT
Remainder of title ლექსები
245 ## - TITLE STATEMENT
Statement of responsibility, etc. მხატვ:ზ.ხაბაძე
260 ## - PUBLICATION, DISTRIBUTION, ETC.
Place of publication, distribution, etc. ბათუმი.
260 ## - PUBLICATION, DISTRIBUTION, ETC.
Name of publisher, distributor, etc. ალიონი.
260 ## - PUBLICATION, DISTRIBUTION, ETC.
Date of publication, distribution, etc. 1994.
300 ## - PHYSICAL DESCRIPTION
Extent 104გვ;20სმ.
300 ## - PHYSICAL DESCRIPTION
Other physical details ფოტო.
653 ## - INDEX TERM--UNCONTROLLED
Uncontrolled term იისფერი იუზა
653 ## - INDEX TERM--UNCONTROLLED
Uncontrolled term ლექსები
942 ## - ADDED ENTRY ELEMENTS (KOHA)
Koha item type წიგნი
ეგზემპლარები
Withdrawn status Lost status Damaged status Not for loan Date acquired Barcode Date last seen Price effective from Koha item type
        2018-12-17 33265 2018-12-17 2018-12-17 წიგნი